Every After 7 Song on the Billboard Hot 100 - Statistics

General Stats
  • This quiz has been taken 3 times
  • The average score is 2 of 8
Answer Stats
# Year Song % Correct
7 1990 Ready Or Not
67%
6 1990 Can't Stop
33%
87 1994 Gonna Love You Right
33%
45 1992 Kickin' It
33%
55 1992 Baby I'm For Real/Natural High
0%
19 1991 Heat Of The Moment
0%
24 1991 Nights Like This
0%
31 1995 'Til You Do Me Right
0%
No matching quizzes found
Score Distribution
Percent of People with Each Score
Percentile by Number Answered
Your Score History
You have not taken this quiz